| 000 | 00973nas a2200313 4500 | ||
|---|---|---|---|
| 001 | BR2018001491 | ||
| 003 | BR-BrBNA | ||
| 005 | 20231205131351.0 | ||
| 007 | ta | ||
| 008 | 230509b bl.|||p| |||| 00| 00por d | ||
| 040 |
_aBR-BrBNA _bpor _cBiblioteca Nacional de Agricultura |
||
| 041 | _a(En) | ||
| 072 | _aL10 | ||
| 100 | 1 | _aPaim, T. do P. | |
| 100 | 1 | _aIanella, P. | |
| 100 | 1 | _aPaiva, S.R. | |
| 100 | 1 | _aCaetano, A.R. | |
| 100 | 1 | _aPimentel, C.M.M. | |
| 245 | 1 | _aDetection and evaluation of selection signatures in sheep | |
| 650 | _aOVINO | ||
| 650 | _aSELEÇÃO | ||
| 650 | _aRECURSO GENÉTICO | ||
| 650 | _aGENÉTICA MOLECULAR | ||
| 650 | _aMELHORAMENTO GENÉTICO ANIMAL | ||
| 773 | 0 |
_tPesquisa Agropecuária Brasileira (Brazil) _xISSN 1678-3921 _g(May 2018), v. 53(5) p. 527-539 _wBR2018001491 |
|
| 856 | 4 | 0 | _uhttp://seer.sct.embrapa.br/index.php/pab/article/view/24374/14200 |
| 909 |
_a202311 _bLúcia _c55 _dLúcia Elande |
||
| 942 |
_2AGRIS _n0 _cANA |
||
| 999 |
_c254418 _d254418 |
||